000 00256nam a2200085Ia 4500
245 0 _aUbuhlalu bukaZulu
100 _a MABUYA, L T L Pietermaritzburg, 2009 2nd ed. (new authography)
_978644
942 _cBK
008 210817s9999 xx 000 0 und d
999 _c327779
_d327778